| 000 | 00426nam a22001697a 4500 | ||
|---|---|---|---|
| 999 |
_c12383 _d12383 |
||
| 008 | 230509b 2022 ||||| |||| 00| 0 eng d | ||
| 020 | _a9780008527846 | ||
| 082 |
_a338.7610040973 _bMIC |
||
| 100 | _aMickle, Tripp | ||
| 245 | _aAfter Steve | ||
| 260 |
_aLondon _bHarper Collins Publishers _c2022 |
||
| 300 | _axvi, 495p. | ||
| 650 | _aOne More Thing | ||
| 650 | _aThe Artist | ||
| 650 | _aThe Operator | ||
| 942 | _cBK | ||